| 000 | 01330nam a2200409 c 4500 | ||
|---|---|---|---|
| 999 |
_c199300 _d199300 |
||
| 003 | BLK | ||
| 005 | 20250102171435.0 | ||
| 008 | 180411b bul|||||r ||||||| ||bul|| | ||
| 010 | _aKNG00208677000 | ||
| 020 | _a978-619-00-0608-4 | ||
| 040 | _aBLK | ||
| 041 |
_aBUL _cBUL |
||
| 072 | 7 |
_2bullib _aК _xКраезнание |
|
| 072 | 7 |
_2bullib _aН84 _xБългарска художествена литература Н |
|
| 080 |
_aБългарска литература _b821.163.2 _x-32 _z821.163.2-32 |
||
| 100 | 1 |
_aСтанков, Иван Герасимов _eпърви автор _9364794 |
|
| 139 |
_aСтанков, Иван Герасимов _bС 69 |
||
| 245 | 1 | 0 |
_aУлици и кораби. Gm _cИван Герасимов Станков. |
| 257 | _aBGR | ||
| 260 |
_bФабер _c2017 |
||
| 300 |
_a184 с. _c23 см |
||
| 380 | _aX | ||
| 500 | _aСъдържа и за авт. | ||
| 651 | 4 |
_aРусе _9179462 |
|
| 653 | _aРусе | ||
| 653 | _aразкази | ||
| 659 | _aК | ||
| 659 | _aН | ||
| 852 | _aЦб 275526 | ||
| 852 | _aК 821.163.2/С 69 И | ||
| 856 | 4 | _qpdf | |
| 856 | 4 | _qpdf | |
| 942 |
_cKNG _n0 _016 _s1 |
||
| 944 |
_aCR _c28.06.2017 _lМинев Младен _k30530 |
||
| 944 |
_aED _c28.11.2017 _lф / _kЛюдмила_Стоянова |
||
| 999 | _d199300 | ||